LEADER 01056nam a2200265 i 4500 001 000000149322 003 CaOOAMICUS 005 20060330000000.0 008 060330s1945 it u000 u ita u 013 $a126642 040 $aSeMil$bita 100 1 $aCalamandrei, Piero <1889-1956>.$0(OLS)http://semarc/name/6153 245 10$aInventario della casa di campagna /$cPiero Calamandrei. 260 $aRoma :$bTumminelli Editore,$c1945. 300 $a263 p. ;$c19 cm. 490 0 $aNuova biblioteca italiana ;$v23 500 $aFondo Ciprandi. 650 4$aCalamandrei, Piero <1889-1956> - Diari e memorie.$0(OLS)http://semarc/subject/29170 830 0$aNuova biblioteca italiana ;$v23.$0(OLS)http://semarc/title/20663 850 $aSeMil 852 $aSeMil$W1$xVenegono$y1$m1D II 99$j101592$B101592$CSeMilBibl$Z2$F110233 $81 941 1 $a1 961 $aOmaggio: Ciprandi dott. Paolo 996 $6245$aInventario della casa di campagna$9(OLS)http://semarc/title/218290 996 $6260$aRoma :$bTumminelli Editore$9(OLS)http://semarc/publisher/33749 LEADER 00860nam a2200217 i 4500 001 000000208621 003 CaOOAMICUS 005 20160229000000.0 008 160229s1959 it u000 u ita u 013 $a187409 040 $aSeMil$bita 245 10$aVilla Beatrice :$bstoria di una donna frigida. 300 $a308 p. 490 0 $aTutte le opere di Bruno Cicognani ;$v3 700 1 $aCicognani, Bruno,$d<1879-1971>.$0(OLS)http://semarc/name/15191 773 0 $aCicognani, Bruno <1879-1971>$tRomanzi.$dFirenze : Vallecchi, 1959.$g2$w()33050 830 0$aTutte le opere di Bruno Cicognani ;$v3.$0(OLS)http://semarc/title/24465 850 $aSeMil 852 $aSeMil$W1$xVenegono$y1$m1A II 108$j232007$B159075$CSeMilBibl$Z2$F209989 $81 961 $aOmaggio: Altro 996 $6245$aVilla Beatrice :$bstoria di una donna frigida$9(OLS)http://semarc/title/301684